| 000 | 00877cam a2200253 4500 | ||
|---|---|---|---|
| 001 | WB3708-14 | ||
| 008 | 000000n2001 000 0 eng u | ||
| 035 | _a(Sirsi) u111079 | ||
| 245 | _aHealth fears justify two mast refusals | ||
| 260 | _c2001 | ||
| 490 |
_aPlanning (for the Natural and Built Environment) _v16 February 2001, 1(1) |
||
| 520 | _aThe Planning Inspectorate has made two landmark decisions by endorsing planning authorities refusal to accept phone masts on the grounds of public fears about health hazards. | ||
| 590 | _aWB | ||
| 650 | _aPHONE MASTS | ||
| 650 | _aPUBLIC SAFETY | ||
| 650 | _aRADIATION GUIDELINES | ||
| 650 | _aPLANNING PERMISSION | ||
| 650 | _aHARROW LBC | ||
| 650 | _aTHURROCK COUNCIL | ||
| 650 | _aHEALTH HAZARDS | ||
| 650 | _aREFUSAL | ||
| 690 | _aENVIRONMENTAL AND LAND CONSULTANCY-PLANNING AND DEVELOPMENT | ||
| 942 | _n0 | ||
| 999 |
_c66178 _d66178 |
||